01113nam a22002417a 4500003000900000005001700009007000300026008004100029040002500070082001600095100005400111245007200165260004700237300002000284500020100304500006500505504005400570590002700624910001400651942001400665952017500679999001700854DO-SdBNP20220929091800.0ta110301s1937 cu 000 0 spa d aDO-SdBNPbspacBNPHU 4axxxxbL791M aLlaverias y Martinez, Joaquin,942404d1875- 195610aMiguel Aldama, o la dignidad patriótica /cJoaquín Llaverías  aLa Habana, Cuba :bImprenta Molina,c1937. a64 p. :c24 cm. aConferencia leída el 23 de diciembre de 1937, en el Palacio Municipal, correspondiente a la serie sobre Habaneros Ilustres, y publicada en el número 11 de los cuadernos de historia Habanera.  aEjemplar autografiado por el autor para Julio Ortega Frier.  aIncluye notas bibliográficas a pie de paginas.  aInventariado, 2022/ YL aYLockward 2ddccLBS1 00102ddc51708GR-RVaBNPHUbBNPHUcCTd2022-09-29l0oxxxx L791Mp2022-4104r2022-09-29w2022-09-29yLBS1zPerteneció a la biblioteca personal de Julio Ortega Frier. c52488d52488